| 000 | 00356nam a22001577a 4500 | ||
|---|---|---|---|
| 003 | SGT | ||
| 020 | _a 9788184739176 | ||
| 082 |
_a617.6342 _bG17C |
||
| 100 | _aSuresh Chandra | ||
| 245 | _aGrossman's Endodontic Practice | ||
| 250 | _a13TH | ||
| 260 |
_aNEW DELHI _bWOLTERS KLUWER _c2017 |
||
| 300 | _a551 | ||
| 650 | _aEndodontic | ||
| 942 |
_2ddc _cBK _057 |
||
| 999 |
_c15539 _d15539 |
||